000
00325nam a2200145Ia 4500
008
210210b1983 xxu||||| |||| 00| 0 eng d
082
_a
584.15 MUKO
100
_a
MUKHERJEE (S K).
245
_a
Orchids
260
_a
New Delhi
_b
I C A R
_c
1983
300
_a
102
650
_a
Orchids
690
_a
Botany
906
_a
040297
999
_c
90162
_d
90162